书目信息 |
| 题名: |
天军在悄悄崛起
|
|
| 作者: | 宋普选 , 王龙炳 著 | |
| 分册: | ||
| 出版信息: | 南宁 广西教育出版社 1990.3 |
|
| 页数: | 149页 | |
| 开本: | 20cm | |
| 丛书名: | 现代国防知识丛书 | |
| 单 册: | ||
| 中图分类: | E11 | |
| 科图分类: | ||
| 主题词: | 军队建设--世界 , 战备--世界 | |
| 电子资源: | ||
| ISBN: | 7-5435-0793-5 | |
| 000 | 00696nam0 2200241 45 | |
| 001 | 0404211730 | |
| 005 | 20040421171642.9 | |
| 010 | @a7-5435-0793-5@dCNY5.30 | |
| 100 | @a20040421d1990 km y0chiy0120 ea | |
| 101 | 0 | @achi |
| 105 | @a z 000yy | |
| 200 | 1 | @a天军在悄悄崛起@ATian Jun Zai Qiao Qiao Jue Qi@f宋普选,王龙炳著@FSong Pu Xuan,Wang Long Bing Zhu |
| 210 | @a南宁@c广西教育出版社@d1990.3 | |
| 215 | @a149页@c彩照@d20cm | |
| 225 | @a现代国防知识丛书 | |
| 410 | @12001 @a现代国防知识丛书 | |
| 606 | 0 | @a军队建设@x世界 |
| 606 | 0 | @a战备@x世界 |
| 690 | @aE11@v3 | |
| 701 | 0 | @a宋普选@4著 |
| 701 | 0 | @a王龙炳@4著 |
| 801 | @aCN@bTSTCL@c20040421 | |
| 905 | @f3@b243849-851@dE11@e14:5 | |
| 天军在悄悄崛起/宋普选,王龙炳著.-南宁:广西教育出版社,1990.3 |
| 149页:彩照;20cm.-(现代国防知识丛书) |
| ISBN 7-5435-0793-5:CNY5.30 |
| ● |
| 相关链接 |
|
|
|
|
正题名:天军在悄悄崛起
索取号:E11/14:5
 
预约/预借
| 序号 | 登录号 | 条形码 | 馆藏地/架位号 | 状态 | 备注 |
| 1 | 0243848 | 001259756 | 第一借阅区/ [索取号:E11/14:5] | 在馆 | |
| 2 | 0243849 | 001259783 | 第一借阅区/ [索取号:E11/14:5] | 在馆 | |
| 3 | 0243850 | 001259765 | 第一借阅区/ [索取号:E11/14:5] | 在馆 | |
| 4 | 0243851 | 001259818 | 第一借阅区/ [索取号:E11/14:5] | 在馆 | |
| 5 | 0243852 | 001259774 | 第一样本阅览室/ [索取号:E11/14:5] | 在馆 |